000 00791cam a2200217 a 4500
020 _a0070453454 (acidâ‚‹free paper)
082 0 0 _a629.136
_bHOR
_cL-18, P-72
100 1 _aHoronjeff, Robert.
_913581
245 1 0 _aPlanning and design of airports /
_cRobert Horonjeff, Francis X. McKelvey.
250 _a4th ed., International ed.
260 _aNew York :
_bMcGraw-Hill,
_cc1994.
300 _axiii, 829 p. :
_bill. ;
_c24 cm.
526 _a0
_b0
_c0
_d629_136000000000000_HOR
650 0 _aAirports
_xDesign and construction.
_919584
650 0 _aAirports
_xPlanning.
_97047
650 0 _aMCE
_9379
700 1 _aMcKelvey, Francis X.
_938628
856 4 1 _uhttp://www.loc.gov/catdir/toc/mh022/93023138.html
856 4 2 _uhttp://www.loc.gov/catdir/bios/mh041/93023138.html
942 _2ddc
_cBK
999 _c548840
_d548840